New approaches for epidemiologic studies of mortality statistics

Saved in:  
Bibliographic Details
Main Author: Puffer, Ruth R. (Author)
Format: Print Article
Language:English
Published: 1989
In:Enthalten in: Revista Panamericana de Salud Publica (Pan American Journal of Public Health) (1680-5348) 23 (1989), 4, Seite 365-383
Check availability: HBZ Gateway

MARC

LEADER 00000caa a22000002c 4500
001 191263547X
003 DE-627
005 20250127055000.0
007 tu
008 241217s1989 xx ||||| 00| ||eng c
035 |a (DE-627)191263547X 
035 |a (DE-599)KXP191263547X 
040 |a DE-627  |b ger  |c DE-627  |e rda 
041 |a eng 
084 |a 2,1  |2 ssgn 
100 1 |a Puffer, Ruth R.  |e VerfasserIn  |4 aut 
245 1 0 |a New approaches for epidemiologic studies of mortality statistics 
264 1 |c 1989 
336 |a Text  |b txt  |2 rdacontent 
337 |a ohne Hilfsmittel zu benutzen  |b n  |2 rdamedia 
338 |a Band  |b nc  |2 rdacarrier 
773 0 8 |i Enthalten in  |t Revista Panamericana de Salud Publica (Pan American Journal of Public Health)  |g 23 (1989), 4, Seite 365-383  |x 1680-5348 
773 1 8 |g volume:23  |g year:1989  |g number:4  |g pages:365-383 
787 0 8 |i Forschungsdaten  |a United States Department of Health and Human Services. National Center for Health Statistics  |t Multiple Cause of Death, 1984  |d [Erscheinungsort nicht ermittelbar] : [Verlag nicht ermittelbar], 1993  |w (DE-627)1840055928 
935 |a mkri 
951 |a AR 
ELC |b 1 
LOK |0 000 xxxxxcx a22 zn 4500 
LOK |0 001 4637601010 
LOK |0 003 DE-627 
LOK |0 004 191263547X 
LOK |0 005 20241217044742 
LOK |0 008 241217||||||||||||||||ger||||||| 
LOK |0 035   |a (DE-2619)ICPSR87932 
LOK |0 040   |a DE-2619  |c DE-627  |d DE-2619 
LOK |0 092   |o n 
LOK |0 852   |a DE-2619 
LOK |0 852 1  |9 00 
LOK |0 935   |a uvkn  |a nacp 
LOK |0 939   |a 17-12-24  |b l01 
ORI |a SA-MARC-krimdoka001.raw